<?xml version="1.0" encoding="UTF-8"?>
<record
    xmlns:xsi="http://www.w3.org/2001/XMLSchema-instance"
    xsi:schemaLocation="http://www.loc.gov/MARC21/slim http://www.loc.gov/standards/marcxml/schema/MARC21slim.xsd"
    xmlns="http://www.loc.gov/MARC21/slim">

  <leader>00869nam a22002177a 4500</leader>
  <datafield tag="999" ind1=" " ind2=" ">
    <subfield code="c">20682</subfield>
    <subfield code="d">20682</subfield>
  </datafield>
  <controlfield tag="005">20200104041807.0</controlfield>
  <controlfield tag="008">200102b        xxu||||| |||| 00| 0 spa d</controlfield>
  <datafield tag="040" ind1=" " ind2=" ">
    <subfield code="a">CO-BoIAVH </subfield>
    <subfield code="c">CO-BoIAVH </subfield>
  </datafield>
  <datafield tag="041" ind1=" " ind2=" ">
    <subfield code="a">spa</subfield>
  </datafield>
  <datafield tag="044" ind1=" " ind2=" ">
    <subfield code="a">cl</subfield>
  </datafield>
  <datafield tag="082" ind1=" " ind2=" ">
    <subfield code="a">363.70561</subfield>
    <subfield code="b">N11a</subfield>
  </datafield>
  <datafield tag="110" ind1=" " ind2=" ">
    <subfield code="a">Naciones Unidas.</subfield>
    <subfield code="b">Comisi&#xF3;n Econ&#xF3;mica para Am&#xE9;rica Latina y el Caribe</subfield>
  </datafield>
  <datafield tag="245" ind1=" " ind2=" ">
    <subfield code="a">Acuerdo Regional sobre el Acceso a la Informaci&#xF3;n, la Participaci&#xF3;n P&#xFA;blica y el Acceso a la Justicia en Asuntos Ambientales en Am&#xE9;rica Latina y el Caribe</subfield>
    <subfield code="c">Naciones Unidas CEPAL</subfield>
  </datafield>
  <datafield tag="260" ind1=" " ind2=" ">
    <subfield code="a">Santiago,</subfield>
    <subfield code="b">Naciones Unidas,</subfield>
    <subfield code="c">2018</subfield>
  </datafield>
  <datafield tag="300" ind1=" " ind2=" ">
    <subfield code="a">39 p&#xE1;ginas</subfield>
    <subfield code="c">21.5 x 14 cm</subfield>
  </datafield>
  <datafield tag="650" ind1=" " ind2="0">
    <subfield code="a">Desarrollo sostenible</subfield>
  </datafield>
  <datafield tag="650" ind1=" " ind2="0">
    <subfield code="a">Participaci&#xF3;n ciudadana</subfield>
  </datafield>
  <datafield tag="650" ind1=" " ind2="0">
    <subfield code="a">Participaci&#xF3;n Ciudadana y Educacion Ambiental</subfield>
  </datafield>
  <datafield tag="651" ind1=" " ind2="0">
    <subfield code="a">Am&#xE9;rica Latina y el Caribe</subfield>
  </datafield>
  <datafield tag="942" ind1=" " ind2=" ">
    <subfield code="2">ddc</subfield>
    <subfield code="c">LIBRO</subfield>
  </datafield>
</record>
